000
00214 a2200097 4500
001
14768
100
_a
Bolwes
245
_a
the people of Asia
260
_a
London
_b
Wsidenfeld & Nicholson
_c
090
_c
11547
_d
11547
942
_a
NUST-CAE
_c
M
_c
1722
999
_c
249841
_d
249841